000 00759cac a22002051u 4500
090 _c878
008 081105t1999 xxu||||| |||| 00| 0 eng d
020 _a8173193150
082 _a004.16
_bM9539
100 _aMukhopadhyay, A. K.
245 _aMicroprocessor Microcomputer And Their Applications /
_cby A. K. Mukhopadhyay.
250 _a2nd revised and enlarged ed.
260 _aNew Delhi :
_bAlpha Science Intl Ltd,
_c1999.
300 _a342 p. :
_bill. ;
_c24 cm.
500 _aIncludes index.
650 _aMicroprocessors.
650 _aMicrocomputers.
942 _cBB
_k004.16M9539
_2ddc
999 _c878
_d878